00776nam a22002292a 450000100060000000300080000600500170001400800410003103500190007204000370009104100080012808200220013610000280015824500780018626000310026430000310029565000240032670000260035094200120037699900170038895201410040516670BD-RjUL20211209000034.0140215t1951 enkaf 000 0 eng d a(BD-RjUL)16725 aDLCcXBMdUKMdEQOdBD-RjULbeng aeng04a796.355bFIH 19511 aFison, Robert Y.95149200aHockey /cby R. Y. Fison and R. L. Hollands. Foreword by Sir Leslie Rowan aLondon :bN. Kaye,cc1951. a158 p. :billus. ;c19 cm. 0aField hockey9505521 aHollands, R.L.951493 2ddccBK c16670d16670 00102ddc40718NFICaRUCLbRUCLcReadingd1963-07-01eZeitlingerg10.60l0o796.355 FIH 1951r2014-02-15 00:00:00tC-1w2014-02-15yBK